000 00479nam a2200181Ia 4500
001 4534
005 20260306145803.0
008 260306t2011||||xx |||||||||||||| ||spa||
041 _aESP
082 _a324.23
_bK88
100 _aKuczynski, Pedro Pablo,
_eAUT
245 0 _aPerú, ahora o nunca :
_bhacia un país sin pobreza y con oportunidades para todos
260 _c2011
300 _a55 páginas :
_c19 cm.
650 _aGEN
654 _aCDE
942 _cLIB
_dJUS
_fJUS
_2ddc
_n
999 _c4534
_d4534